মুহাম্মদ আলী পাশার সংস্কার কর্মসূচী : (Record no. 79956)
[ view plain ]
| 000 -LEADER | |
|---|---|
| fixed length control field | 02026nam a2200277 a 4500 |
| 001 - CONTROL NUMBER | |
| RUCL Control Number | 79956 |
| 003 - CONTROL NUMBER IDENTIFIER | |
| rucl marc code | BD-RjUL |
| 005 - DATE AND TIME OF LATEST TRANSACTION | |
| control field | 20230110145135.0 |
| 008 - FIXED-LENGTH DATA ELEMENTS--GENERAL INFORMATION | |
| fixed length control field | 220612s2010 bg a|||| m||| 00| 0 ben d |
| 035 ## - SYSTEM CONTROL NUMBER | |
| system control number | (BD-RjUL)79956 |
| 040 ## - CATALOGING SOURCE | |
| Original cataloging agency | BD-RjUL |
| Language of cataloging | ben/eng |
| Transcribing agency | BD-RjUL |
| Modifying agency | BD-RjUL |
| 041 ## - LANGUAGE CODE | |
| Language code of Book | ben |
| 082 ## - DEWEY DECIMAL CLASSIFICATION NUMBER | |
| DDC Edition number | 23 |
| Classification number | 962.000934 |
| Author mark and Year | AZM 2010 |
| 100 ## - MAIN ENTRY--PERSONAL NAME | |
| Personal name | আজাদ, মো: আবুল কালাম |
| 9 (RLIN) | 2426 |
| 245 10 - TITLE STATEMENT | |
| Title | মুহাম্মদ আলী পাশার সংস্কার কর্মসূচী : |
| Remainder of title | একটি ঐতিহাসিক পর্যালোচনা (১৮০৫-১৮৪৮) / |
| Statement of responsibility, etc | মো: আবুল কালাম আজাদ |
| Name of Supervisor/Co-Supervisor | প্রিন্সিপাল সুপারভাইজার : কাজী মো: মোস্তাফিজুর রহমান, কো-সুপারভাইজার : এম. মোখলেছুর রহমান |
| 260 ## - PUBLICATION, DISTRIBUTION, ETC. (IMPRINT) | |
| Place of publication, distribution, etc | রাজশাহী : |
| Name of publisher, distributor, etc | ইসলামের ইতিহাস ও সংস্কৃতি বিভাগ, রাজশাহী বিশ্ববিদ্যালয়, |
| Date of publication, distribution, etc | ২০১০ |
| 300 ## - PHYSICAL DESCRIPTION | |
| Pagination | xvi, ১৩৪ পাতা : |
| Other physical details | চিত্র ; |
| Dimensions | ২৯ সেমি. |
| 502 ## - DISSERTATION NOTE | |
| Dissertation note | থিসিস (পিএইচ. ডি.) -- ইসলামের ইতিহাস ও সংস্কৃতি বিভাগ, রাজশাহী বিশ্ববিদ্যালয়, ২০১০ |
| 504 ## - BIBLIOGRAPHY, ETC. NOTE | |
| Bibliography, etc | গ্যন্থপঞ্জি : পাতা ১২৪-১৩০ |
| 600 ## - SUBJECT ADDED ENTRY--PERSONAL NAME | |
| Personal name | পাশা, মুহাম্মদ আলী |
| Dates associated with a name | ১৭৬৯-১৮৪৯ |
| -- | 3544 |
| Personal name | Pasha, Muhammad Ali |
| Dates associated with a name | 1769-1849 |
| -- | 3545 |
| 650 ## - SUBJECT ADDED ENTRY--TOPICAL TERM | |
| Topical term or geographic name as entry element | History & criticism |
| Chronological subdivision | (1805-1847 AD) |
| 9 (RLIN) | 6497 |
| 700 ## - ADDED ENTRY--SUPERVISOR/CO-SUPERVISOR NAME | |
| Personal name | রহমান, কাজী মো: মোস্তাফিজুর, প্রিন্সিপাল সুপারভাইজার |
| 9 (RLIN) | 3546 |
| Personal name | রহমান, এম. মোখলেছুর, কো-সুপারভাইজার |
| 9 (RLIN) | 3547 |
| 942 ## - ADDED ENTRY ELEMENTS (KOHA) | |
| Source of classification or shelving scheme | Dewey Decimal Classification |
| Koha item type | Theses |
| Source of classification or shelving scheme | Damaged status | Not for loan | Collection code | Permanent Location | Current Location | Shelving location | Date of accession | Source of acquisition | Total Checkouts | Full call number | Barcode | Date last seen | Copy number | Thesis |
|---|---|---|---|---|---|---|---|---|---|---|---|---|---|---|
| Dewey Decimal Classification | Not For Loan | Theses | Central Library, University of Rajshahi | Central Library, University of Rajshahi | Documentation Section | 24/03/2012 | Controller of Exam. R.U. | BTHE 962.000934 AZM 2010 | D3325 | 12/06/2022 | C-1 | Theses |